Mentesíthet-e a józan ész a gondolkodás fáradalmaitól?
Elmentve itt :
| Szerző: | |
|---|---|
| Dokumentumtípus: | Könyv része |
| Megjelent: |
1994
|
| Sorozat: | Szegedi bölcsészfüzetek
5 Az igazságnak ragyognia kellene : értelmiség és közélet 5 |
| Kulcsszavak: | Gondolkodás, Ész, Értelem |
| Tárgyszavak: | |
| Online Access: | http://acta.bibl.u-szeged.hu/45492 |
| LEADER | 00837naa a2200229 i 4500 | ||
|---|---|---|---|
| 001 | acta45492 | ||
| 005 | 20220121143419.0 | ||
| 008 | 170428s1994 hu o 0|| hun d | ||
| 020 | |a 963 481 983 4 | ||
| 022 | |a 1215-2870 | ||
| 040 | |a SZTE Egyetemi Kiadványok Repozitórium |b hun | ||
| 041 | |a hun | ||
| 100 | 1 | |a Fejér Ádám | |
| 245 | 1 | 0 | |a Mentesíthet-e a józan ész a gondolkodás fáradalmaitól? |h [elektronikus dokumentum] / |c Fejér Ádám |
| 260 | |c 1994 | ||
| 300 | |a 7-9 | ||
| 490 | 0 | |a Szegedi bölcsészfüzetek |v 5 | |
| 490 | 0 | |a Az igazságnak ragyognia kellene : értelmiség és közélet |v 5 | |
| 650 | 4 | |a Bölcsészettudományok | |
| 650 | 4 | |a Filozófia, etika és vallástudományok | |
| 695 | |a Gondolkodás, Ész, Értelem | ||
| 856 | 4 | 0 | |u http://acta.bibl.u-szeged.hu/45492/1/bolcseszfuzetek_1994_007-009.pdf |z Dokumentum-elérés |